Wisconsin State Football Champs - Statistics

General Stats
  • This quiz has been taken 18 times
  • The average score is 91 of 303
Answer Stats
Hint Answer % Correct
1993 1 | 1994 1 | 1996 1 | +3 others Arrowhead
88%
2024 1 Bay Port
69%
1992 3 De Pere
63%
2018 1 | 2019 1 Muskego
63%
1986 5 | 2003 6 | 2004 6 | +7 others Stratford
63%
1999 3 | 2002 3 | 2009 2 | +4 others Waunakee
63%
2012 3 | 2016 3 | 2018 3 | 2021 4 Catholic Memorial
56%
2007 2 | 2008 2 | 2013 2 | +5 others Kimberly
56%
2010 3 | 2011 3 West De Pere
56%
1992 1 Appleton West
50%
1981 1 | 1983 1 | 1989 1 | +2 others D.C. Everest
50%
1979 4 | 1992 5 | 1999 5 | +6 others Edgar
50%
2021 1 Franklin
50%
2009 1 | 2023 1 Marquette
50%
2000 1 Oshkosh North
50%
1979 3 | 2017 3 | 2023 3 Rice Lake
50%
2023 2 Badger
44%
1982 4 | 2019 3 DeForest
44%
1987 1 Fond du Lac
44%
1999 1 | 2006 1 | 2008 1 | +3 others Homestead
44%
1984 1 | 1985 1 | 1986 1 Manitowoc
44%
2003 3 | 2015 3 | 2024 3 Notre Dame
44%
2004 2 | 2010 1 Waukesha West
44%
2007 5 | 2021 5 | 2022 5 | 2023 5 Aquinas
38%
1988 2 | 2022 2 Kettle Moraine
38%
2024 6 Lomira
38%
1997 1 | 2001 1 | 2002 1 Marshfield
38%
1994 4 Mayville
38%
1983 2 | 1987 2 Middleton
38%
1986 2 | 1990 2 | 1991 2 | +3 others Monroe
38%
2004 1 Mukwonago
38%
1983 4 Platteville
38%
1998 3 | 2024 2 Slinger
38%
2002 6 | 2009 5 | 2011 6 | +6 others St. Mary's Springs
38%
2013 4 Winneconne
38%
2012 5 | 2015 5 | 2016 5 | 2017 5 Amherst
31%
1976 1 | 1978 1 | 1982 1 Antigo
31%
1996 2 | 2000 2 | 2001 2 | 2005 2 Ashwaubenon
31%
1979 2 Beaver Dam
31%
2016 2 | 2019 2 Brookfield East
31%
1990 4 | 1996 4 | 2022 4 Columbus
31%
2010 4 Kewaunee
31%
1989 2 Marinette
31%
1993 2 | 1995 2 | 1997 2 | +2 others Menomonie
31%
1977 2 | 1984 3 | 2013 3 Monona Grove
31%
1988 3 Northwestern
31%
2018 4 | 2024 4 Racine St. Catherine's
31%
2021 7 Reedsville
31%
2003 7 | 2016 6 | 2022 7 Regis
31%
1985 3 Seymour
31%
1990 1 Superior
31%
1980 3 | 1981 3 | 1982 3 Two Rivers
31%
2006 3 | 2008 3 Waupaca
31%
1998 5 | 2006 4 | 2011 4 Wrightstown
31%
1984 2 | 1993 3 Ashland
25%
1987 5 | 1990 5 | 1991 5 | 1995 5 Darlington
25%
1981 2 | 1982 2 Grafton
25%
1979 1 | 1980 1 | 1991 1 Kenosha Tremper
25%
1977 1 Madison West
25%
2014 2 Menasha
25%
1976 2 Menomonee Falls
25%
1986 3 | 1989 3 Milton
25%
2005 7 Pacelli
25%
2021 3 Pewaukee
25%
2009 3 Reedsburg
25%
1995 1 Sun Prairie
25%
1987 4 | 1992 4 Baldwin-Woodville
19%
1998 4 | 2008 5 | 2011 5 | 2021 6 Colby
19%
1976 4 | 1983 6 | 1984 6 De Soto
19%
1990 3 Ellsworth
19%
2001 3 Fox Valley Lutheran
19%
1998 2 | 2003 2 Germantown
19%
2019 5 Lake Country Lutheran
19%
1993 4 | 2000 4 | 2001 4 | +4 others Lancaster
19%
2017 4 | 2023 4 Lodi
19%
1995 3 | 1996 3 New Berlin Eisenhower
19%
1977 4 | 1981 5 | 1982 5 | +2 others Osseo-Fairchild
19%
1976 3 | 1978 3 Plymouth
19%
1985 2 Port Washington
19%
2013 6 Shiocton
19%
1980 2 Whitewater
19%
2009 4 Big Foot
13%
2019 7 Black Hawk/Warren
13%
1984 4 | 2003 5 | 2004 5 | 2010 5 Brillion
13%
1994 2 Cudahy
13%
1986 6 | 2006 7 | 2010 7 Gilman
13%
1985 6 | 1997 5 | 2012 7 Glenwood City
13%
1990 6 Greenwood
13%
2011 7 Greenwood/Granton
13%
1987 3 Hayward
13%
1989 5 | 1994 6 | 1996 6 Hilbert
13%
2018 6 Iola-Scandinavia
13%
1977 3 Iowa-Grant
13%
1991 3 Jefferson
13%
2011 1 Kenosha Bradford
13%
1983 3 Lakeland
13%
1980 4 | 1981 4 Mosinee
13%
1997 3 Oconto Falls
13%
1988 1 | 2005 1 Racine Park
13%
2003 4 | 2005 4 Ripon
13%
2000 3 Sheboygan Falls
13%
2002 5 | 2012 4 | 2014 4 Somerset
13%
1989 4 Southern Door
13%
1978 5 | 2000 6 | 2001 6 Spring Valley
13%
1991 4 | 1995 4 | 2013 5 Stanley-Boyd
13%
2004 4 Sturgeon Bay
13%
1988 4 Turner
13%
2008 4 Wautoma/Faith Christian
13%
1978 4 | 1985 4 | 1986 4 Westby
13%
2007 4 West Salem
13%
2004 3 | 2005 3 | 2007 3 | 2014 3 Wisconsin Lutheran
13%
1989 6 Augusta
6%
2015 7 | 2017 7 Bangor
6%
2013 7 | 2018 7 Black Hawk
6%
2002 7 Cambria-Friesland
6%
1982 6 Cassville
6%
2008 7 | 2009 7 Catholic Central
6%
1978 2 Clintonville
6%
2007 7 Eleva-Strum
6%
1993 5 | 1994 5 Fall Creek
6%
1985 5 Manawa
6%
1984 5 | 2015 4 Osceola
6%
1992 6 | 1999 6 | 2014 7 Owen-Withee
6%
1980 5 | 1991 6 | 2004 7 Shell Lake
6%
1988 5 | 2016 4 St. Croix Central
6%
1999 4 Cadott
0%
1979 5 Cambridge
0%
1981 6 Cashton
0%
2019 4 Catholic Memrial
0%
1997 6 Flambeau
0%
2006 2 Franlin
0%
1998 6 Lake Holcombe
0%
1983 5 Peshtigo
0%
1993 6 Thorp
0%
1988 6 | 1995 6 Turtle Lake
0%
1987 6 Webster
0%
1997 4 Wittenberg-Birnamwood
0%
No matching quizzes found
Score Distribution
Percent of People with Each Score
Percentile by Number Answered
Your Score History
You have not taken this quiz